Compendium of trace metals and marine biota (Record no. 252400)

MARC details
000 -LEADER
fixed length control field 00527nam a2200193Ia 4500
008 - FIXED-LENGTH DATA ELEMENTS--GENERAL INFORMATION
fixed length control field 191130s2010##################000#0#eng##
020 ## - INTERNATIONAL STANDARD BOOK NUMBER
ISBN 978044453436
082 ## - DEWEY DECIMAL CLASSIFICATION NUMBER
Classification number 577.72753 EIS
100 ## - MAIN ENTRY--AUTHOR NAME
Personal name Eisler, Ronald
245 ## - TITLE STATEMENT
Title Compendium of trace metals and marine biota
Statement of responsibility, etc Ronald Eisler
260 ## - PUBLICATION, DISTRIBUTION, ETC. (IMPRINT)
Place of publication Amsterdam
Name of publisher Elsevier
Year of publication 2010
300 ## - PHYSICAL DESCRIPTION
Number of Pages xxvii, 610p
500 ## - GENERAL NOTE
General note Includes index
650 ## - SUBJECT ADDED ENTRY--TOPICAL TERM
Topical Term Marine biology
991 ## -
-- 245439
Holdings
Withdrawn status Lost status Damaged status Not for loan Home library Current library Shelving location Date acquired Full call number Accession Number Price effective from Koha item type
        Anna Centenary Library Anna Centenary Library 5TH FLOOR, A WING 13.10.2020 577.72753 EIS 350056 13.10.2020 English Books

Find us on the map